000 01930nam a2200253Ia 4500
008 260220t1986||||xx |||||||||||||| ||spa||
040 _aPY-SlUNAC
_bspa
_erda
041 _aspa
082 _a519.5
_bG492m
100 _aGlass, Gene V.
_eAutor
245 0 _aMétodos estadísticos aplicados a las ciencias sociales /
_cpor Gene V. Glass [Autor]; Julian Stanley [Autor] y
264 _aCiudad de México :
_bPrentice-Hall,
_c℗1986.
300 _a1 volumen
520 _aEl libro "Métodos estadísticos aplicados a las ciencias sociales" de Gene V. Glass es una obra fundamental que proporciona un enfoque sistemático sobre la aplicación de técnicas estadísticas en el ámbito de las ciencias sociales. A lo largo de sus capítulos, Glass explora conceptos clave como la recolección de datos, la medición y la interpretación de resultados estadísticos, enfatizando la importancia de la estadística en la investigación social. Presenta herramientas analíticas que permiten a los investigadores evaluar hipótesis y tomar decisiones informadas basadas en datos empíricos. La obra también aborda temas como el análisis de varianza, la regresión y la correlación, ofreciendo ejemplos prácticos que ilustran la relevancia de estos métodos en contextos reales. Además, Glass destaca la necesidad de un enfoque crítico en el uso de estadísticas, advirtiendo sobre posibles sesgos y errores en la interpretación de datos. En conjunto, este texto se erige como una guía indispensable para estudiantes y profesionales que buscan fundamentar sus investigaciones en bases estadísticas sólidas.
653 _aCiencias sociales
653 _aInvestigación social
653 _aMétodos estadísticos
700 _aStanley, Julian
_eAutor
942 _b2026/02/17
_cBK
999 _c7662
_d7662